লোডিং...

Water contamination emergencies:enhancing our response

গ্রন্থ-পঞ্জীর বিবরন
প্রধান লেখক: Thompson, K . Clive (ed.by)
অন্যান্য লেখক: Gray, John
বিন্যাস: Printed Book
ভাষা:English
প্রকাশিত: Cambridge RSC Publishing 2006
বিষয়গুলি:
LEADER 00815nam a2200253 a 4500
001 adlib96000001
003 ViArRB
005 20151026132243.0
008 960221s1955 dcuabcdjdbkoqu001 0deng d
020 |a 9780854046584 
022
040 |a Adlib 
082 |a 614.777 
245 |a Water contamination emergencies:enhancing our response 
250
260 |a Cambridge  |b RSC Publishing  |c 2006 
300 |a x, 372p 
500 |a   
100 |a Thompson, K . Clive  |e ed.by 
700 |a Gray, John 
942 |c BK  |6 _ 
653 |a Water-pollution  |a Water-pollution-Health aspects  |a Emergency management  |a Water-Toxicology  |a Health risk assessment  |a Contamination emergencies 
999 |c 44771  |d 44771 
952 |0 0  |1 0  |4 0  |6 614777_THO  |7 0  |9 57061  |a UL  |b UL  |d 2010-06-16  |o 614.777 THO  |p 00060703  |r 2010-06-16  |w 2010-06-16  |y BK